LEADER 01121nam a2200277 i 4500 001 000000246148 003 CaOOAMICUS 005 20151026000000.0 008 151026s2007 xx u000 u und u 013 $a225053 020 $a978-88-6153-025-6 040 $aSeMil$bita 100 1 $aBello, Antonio,$c.$0(OLS)http://semarc/name/4578 245 10$aCoraggio :$blettera agli ammalati /$cAntonio Bello. 250 $a2. ed. 260 $aMolfetta (BA) :$bLa Meridiana,$c2007. 300 $a27 p. :$bill. ;$c21 cm. 490 0 $aPaginealtre : lungo i sentieri della differenza 650 4$aMalattia - Concezione cristiana.$0(OLS)http://semarc/subject/13249 830 0$aPaginealtre.$0(OLS)http://semarc/title/7770 850 $aSeMil 852 $aSeMil$W1$xVenegono$y1$m3F III 623$j196494$B196494$CSeMilBibl$Z2$F207389 $81 961 $aOmaggio: Altro 996 $6020$a978-88-6153-025-6$9(OLS)http://semarc/number/254975 996 $6245$aCoraggio :$blettera agli ammalati$9(OLS)http://semarc/title/347864 996 $6260$aMolfetta (BA) :$bLa Meridiana$9(OLS)http://semarc/publisher/32072 LEADER 01203nam a2200277 i 4500 001 000000070612 003 CaOOAMICUS 005 20250729141925.0 008 080327s1974 it u000 u ita u 013 $a41784 040 $aSeMil$bita 100 1 $aLawrence, David Herbert <1885-1930>.$0(OLS)http://semarc/name/1545 240 14$aThe white peacock.$0(OLS)http://semarc/title/113456 245 13$aIl pavone bianco :$b[un amore impossibile tra un uomo semplice e una donna sofisticata. Romanzo] /$cDavid Herbert Lawrence ; introduzione di Giuseppe Gadda Conti. 260 $aMilano :$bRizzoli,$c1974. 300 $a417 p. ;$c18 cm. 490 0 $aSupersaggi 700 1 $aGadda Conti, Giuseppe.$0(OLS)http://semarc/name/35180 830 0$aSupersaggi.$0(OLS)http://semarc/title/11268 850 $aSeMil 852 $aSeMil$W1$xVenegono$y1$m1V II 60$j36765$B36765$CSeMilBibl$Z2$F36768 $81 941 1 $a1 961 $aOmaggio: Ciprandi dott. Paolo 996 $6245$aIl pavone bianco :$b[un amore impossibile tra un uomo semplice e una donna sofisticata. Romanzo]$9(OLS)http://semarc/title/113455 996 $6260$aMilano :$bRizzoli$9(OLS)http://semarc/publisher/29824